| 000 | 01143nam a2200301 a 4500 | ||
|---|---|---|---|
| 001 | 000115893 | ||
| 003 | CHAP | ||
| 005 | 20220329144552.0 | ||
| 008 | 190722s2018 mx a |r| ||||||spa d | ||
| 010 | _a112354 | ||
| 011 | _a113326 | ||
| 020 | _a9786078621095 | ||
| 040 | _cCHAP | ||
| 082 | 0 | 4 |
_a323.34972762 _bR17 |
| 100 | 1 |
_aRamos García, Amanda. _9136525 |
|
| 245 | 1 | 0 |
_aIxhuatlancillo en el arte veracruzano de la resistencia : _b¡no nos iremos, porque nunca llegamos! / _cpor Amanda Ramos García. |
| 260 |
_aCiudad de México : _bCámara de Diputados LXIV Legislatura, Centro de Estudios para el Desarrollo Rural Sustentable y la Soberanía Alimentaria, _c2018. |
||
| 300 |
_a299 p. : _bil. |
||
| 590 |
_aBATCH-UPD _b05 _c20190722 _lUCH01 _h0958 |
||
| 590 |
_aE11695DGD _b10 _c20190722 _lUCH01 _h1150 |
||
| 590 |
_aE5765TAJ _b05 _c20190722 _lUCH01 _h0958 |
||
| 650 | 1 | 4 |
_aMujeres _xCondiciones sociales _zVeracruz. _9136549 |
| 651 | 4 |
_aIxhuatlancillo (Veracruz, México) _xCondiciones rurales. _9136551 |
|
| 651 | 4 |
_aIxhuatlancillo (Veracruz, México) _xCondiciones sociales. _9136550 |
|
| 901 | _aBK | ||
| 942 | _cLIBRO | ||
| 942 | _n0 | ||
| 999 |
_c112354 _d112354 |
||